Cielenie inflácie ako nová stratégia menovej politiky

Bibliographic Details
Main Author: Gonda, Vladimír, 1953- (Author)
Format: Article
Language:Slovak
ISSN:0323-262X
Subjects:

MARC

LEADER 00000nab a2200000 a 4500
001 vtls000760137
003 SK-MaSNL
005 20260304104358.0
008 250429c2001 xo 0 slo
015 |a SNBRB2001/06-17374 
035 |a CLN000111924 
035 |a urn:nbn:sk:snk-ab2dta 
035 |a (urnnbn)urn:nbn:sk:snk:ar-a027ze 
035 |a (uuid)2f41ac31-703e-41af-a51c-fb807c22730d 
040 |a SNKBUCL  |b slo  |c SNKBUCL  |e AACR2 
041 0 |a slo 
044 |a xo  |c SK 
080 |a 336.74:338.23:338.5:336.748  |2 1997 
080 |a 338.5  |2 1997 
080 |a 336.748  |2 1997 
100 1 |a Gonda, Vladimír,  |d 1953-  |4 aut  |9 207195 
245 1 0 |a Cielenie inflácie ako nová stratégia menovej politiky  |c Vladimír Gonda 
504 |a Res. angl. 
504 |a Bibliogr. odkazy 
650 0 7 |a ceny  |2 snkbucl  |9 2113 
650 0 7 |a politika menová  |x stabilita cenová  |x cielenie inflácie  |2 snkbucl  |9 1404317 
650 0 7 |a inflácia  |2 snkbucl  |9 2290 
655 7 |a články z novín a časopisov  |2 snkbucl  |9 267496 
773 0 |t Ekonomické rozhľady  |g Roč. 30, č. 1 (2001), s. 68-78  |x 0323-262X 
850 |a Slovenská národná knižnica 
852 |a Slovenská národná knižnica 
954 |a odborná, vedecká literatúra pôvodná (slovenská)  |2 lita 
958 |a article27 
958 |a NB 
958 |a OND 
958 |a EUIPO 
992 |a RBX 
999 |c 2851513  |d 2853443